000 00774nam a2200229Ia 4500
008 191130s2008##################000#0#eng##
020 _a9780786432783
022 _a2007043096
040 _aACL
_cACL
082 _a796.357092 SMI
100 _aSmiles, Jack
245 _aBig Ed Walsh : the life and times of a spitballing hall of Famer
_cJack Smiles
260 _aJefferson, N.C
_bMcFarland & Company
_cc2008
300 _ax, 228 p. : ill. ; 23 cm
500 _aIncludes bibliographical references (p. 215-222) and index
650 _aBaseball players - United States - Biography
650 _aChicago White Sox (Baseball team) - History
650 _aWalsh, Ed, 1881-1959
990 _a784ad262ac10000c3e7e2db7194e48d7
991 _a318184
999 _c115483
_d115483